00655nam a2200241 a 4500001001300000003000900013005001700022008004100039020001000080082001300090100002000103245001800123260003700141300000900178500003500187505001000222650002000232700002000252902000800272942000700280952011300287999001300400nice12345678IN_TiNIC20260116011357.0050524s0000 laha grp 000 0 eng  ac10000a370bIKR aIkram, S Masood aGreater India aLahorebMarson and Companyc0000 a108p aincludes index and biblioraphy2 aIndex aEducation-India1 aIkram, S Masood bSRS cBK 001040708StackRoom-aHMIbHMId2007-06-05g100.00l0o370 IKRp00960r2007-06-05v100.00w2005-05-24yBK c990d990